01517nam a2200277uu 4500001000800000005001700008007001000025008004100035035001200076040001300088041000800101080000800109100004300117245014700160260004300307300001700350520061800367650003400985650005501019650003201074650003601106700003101142700004601173502001201219526000801231119784820260507135349.0cr|||||||100423e20100423 spa  a1197848 ccomduadb aspa aPQU10aBotero Rodríguez, Carolina4auteaut10aImplementación de programa corporativo Centerlining para la estandarización de procesos en área de manufactura KC-Antioquia Global Ltda. aMedellín :b[sin publicador],c2010. a47 páginas3 aEste trabajo muestra la implementación paso a paso del sistema de control de procesos llamado Centerlining, que significa corriendo tras el objetivo, el cual busca mejorar todos y cada uno de los procesos del papel Tissue de la empresa Kimberly Clark Antioquia Global Ltda., haciendo que todas las variables del proceso para cada grado del producto a realizar sea ejecutado de la misma manera por cada turno, todos los días, todas las semana, todos los meses. Con el fin de garantizar un buen posicionamiento de los productos en el mercado y evitar sobre costos por desperdicio, tiempo perdido y mala calidad. aSistema de control de proceso aColombiana Kimberly - Colpapel (Empresa comercial) aNormalización de procesos 7aProcesos de manufactura2armarc10aGarcía, Ramiro4thseths10aGómez Vanegas, Natalia Andrea4thseths b178c17 a180